000 01184nam a2200301Ia 4500
001 ebr10479211
003 CaPaEBR
006 m u
007 cr cn|||||||||
008 110711s2011 ne sb 001 0 eng d
020 _z9789042033054
040 _aCaPaEBR
_cCaPaEBR
035 _a(OCoLC)729167169
050 1 4 _aPN56.U8
_bH364 2011eb
100 1 _aHaney, William S.
245 1 0 _aUtopia and consciousness
_h[electronic resource] /
_cWilliam S. Haney II.
260 _aAmsterdam :
_bRodopi,
_c2011.
300 _a155 p.
490 1 _aConsciousness, literature & the arts,
_x1573-2193 ;
_v29
504 _aIncludes bibliographical references and index.
533 _aElectronic reproduction.
_bPalo Alto, Calif. :
_cebrary,
_d2013.
_nAvailable via World Wide Web.
_nAccess may be limited to ebrary affiliated libraries.
650 0 _aConsciousness in literature.
650 0 _aUtopias in literature.
655 7 _aElectronic books.
_2local
710 2 _aebrary, Inc.
830 0 _aConsciousness, literature & the arts ;
_v29.
856 4 0 _uhttp://site.ebrary.com/lib/rucke/Doc?id=10479211
_zAn electronic book accessible through the World Wide Web; click to view
999 _c223470
_d223470